Gaming Quiz

Random Gaming or Clickable Quiz

Kanto Gym Leaders, Elite 4 and Champion Quiz Stats

 Plays Quiz not verified by Sporcle

Also try: Smite Gods
Challenge
Share
Tweet
Score 0/13 Timer 09:00
0 Plays Today
% Correct
Brock
94.3%
Misty
92.1%
Lt. Surge
92.1%
Erika
88.6%
Giovanni
88.6%
Lance
87.9%
Blaine
87.1%
Lorelei
86.4%
Agatha
86.4%
Blue
86.4%
Koga
85%
Bruno
85%
Sabrina
84.3%

You're not logged in!

Compare scores with friends on all Sporcle quizzes.
OR
Log In

You Might Also Like...

Show Comments

Extras

Top Quizzes Today


Score Distribution

Your Account Isn't Verified!

In order to create a playlist on Sporcle, you need to verify the email address you used during registration. Go to your Sporcle Settings to finish the process.

Report this User

Report this user for behavior that violates our Community Guidelines.

Details: